| 000 | 00988cam a22003017a 4500 | ||
|---|---|---|---|
| 001 | 13460 | ||
| 003 | BD-RjUL | ||
| 005 | 20211208235446.0 | ||
| 008 | 140201s2006 njua 001 0 eng d | ||
| 020 | _a0764599984 (pbk.) | ||
| 020 | _a9780764599989 | ||
| 035 |
_a(BD-RjUL)13511 _a(OCoLC)ocm63176253 |
||
| 040 |
_aSISPL _cSISPL _dBAKER _dUKM _dVP@ _dCLE _dIAI _dMUQ _dDLC _dBD-RjUL _beng |
||
| 041 | _aeng | ||
| 082 | 0 | 0 |
_a006.786 _222 _bWAT 2006 |
| 100 | 1 |
_aWarner, Janine, _d1967- _941986 |
|
| 245 | 1 | 0 |
_aTeach yourself visually Macromedia Dreamweaver 8 / _cby Janine Warner. |
| 246 | 3 | _aMacromedia Dreamweaver 8 | |
| 260 |
_aHoboken, NJ ; _aChichester : _bWiley, _cc2006. |
||
| 300 |
_a[xiv], 304, [1] p. : _bcol. ill. ; _c23 cm. |
||
| 490 | 0 | _aVisual read less, learn more | |
| 504 | _aIncludes index. | ||
| 650 | 0 |
_aWeb sites _xDesign. _941926 |
|
| 650 | 0 |
_aWeb sites _xAuthoring programs. _941987 |
|
| 942 |
_2ddc _cBK |
||
| 999 |
_c13460 _d13460 |
||